| 000 | 01316nam a2200337 a 4500 | ||
|---|---|---|---|
| 001 | 0000252 | ||
| 003 | DO-SdBNP | ||
| 005 | 20180307083419.0 | ||
| 007 | 0000252 | ||
| 008 | 150211s20uu dr abc 000 0 spa d | ||
| 020 | _z9789945400975 | ||
| 040 |
_aBPMSU _bspa _cBPMSU |
||
| 092 |
_axxxx _bxxxx |
||
| 100 | 1 | _aMateo Dicló, Luisa A. | |
| 245 | 0 | 0 |
_aArtística 2 : _bbásica / _cLuisa A. Mateo Dicló, María Valentina Arias Escalante ; producción editorial María del Jesús de la Rosa ; ilustraciones Wi-Hen Fung, Ramón Sandoval. |
| 260 |
_aSanto Domingo : _bActualidad Escolar 2000, _c[20uu] |
||
| 300 |
_axxxii, 112 p. : _bil., mapas, retrs. ; _c22 cm. |
||
| 500 | _aIncluye el libros del maestro | ||
| 500 | _aLa biblioteca solamente posee el libro del maestro. | ||
| 504 | _aBibliografía p: xxxii | ||
| 505 | 0 |
_tLa educación artística -- _tMe conozco -- _tLa exploración -- _tLa expresión artística -- _tLas artes y sus formas -- _tArte, cultura e historia -- |
|
| 700 | 1 | _aMateo Dicló, Luisa A. | |
| 700 | 1 | _aArias Escalante, María Valentina | |
| 700 | 1 |
_aDel Jesús de la Rosa, María _eprod. ed. |
|
| 700 | 1 |
_aSandoval, Ramón _eil. |
|
| 700 | 1 |
_aFung, Wi-Hen _eil. |
|
| 910 | _a00144 | ||
| 942 |
_2ddc _cBK |
||
| 945 | _aRemanejado para la BNPHU / 2018 VM | ||
| 956 |
_aYLOCKWARD _b10 |
||
| 999 |
_c9615 _d9615 |
||